Разработка алгоритмов и программ решения некоторых задач конструкторского проектирования дискретных устройств: диссертация на соискание ученой степени кандидата технических наук

Detalles Bibliográficos
Autor Principal: Оранов А. М.
Autor Corporativo: Томский государственный университет (ТГУ) Сибирский физико-технический институт им. В. Д. Кузнецова (СФТИ)
Outros autores: Агибалов Г. П. (научный руководитель)
Idioma:ruso
Publicado: Томск, [Б. и.], 1978
Subjects:
Formato: MixedMaterials Libro
KOHA link:https://koha.lib.tpu.ru/cgi-bin/koha/opac-detail.pl?biblionumber=80078

MARC

LEADER 00000nbm0a2200000 4500
001 80078
005 20231031094458.0
035 |a (RuTPU)RU\TPU\book\86076 
090 |a 80078 
100 |a 20050831d1978 k y0rusy50 ca 
101 0 |a rus 
102 |a RU 
105 |a a m 001zy 
200 1 |a Разработка алгоритмов и программ решения некоторых задач конструкторского проектирования дискретных устройств  |e диссертация на соискание ученой степени кандидата технических наук  |f А. М. Оранов  |g Сибирский физико-технический институт при Томском Госуниверситете; науч. рук. Г. П. Агибалов 
210 |a Томск  |c [Б. и.]  |d 1978 
215 |a 116 л.  |c ил. 
320 |a Библиогр.: с. 109-116 (80 назв.) 
610 1 |a диссертации 
610 1 |a разработка 
610 1 |a алгоритмы 
610 1 |a программы 
610 1 |a решения задач 
610 1 |a конструкторское проектирование 
610 1 |a дискретные устройства 
610 1 |a графы 
610 1 |a модулирование 
610 1 |a ЭВМ 
610 1 |a языки программирования 
610 1 |a Ляпунова метод 
610 1 |a ЛЯПАС-71 
675 |a 681.325.65(048)  |v 3 
700 1 |a Оранов  |b А. М. 
702 1 |a Агибалов  |b Г. П.  |4 727 
712 0 2 |a Томский государственный университет (ТГУ)  |b Сибирский физико-технический институт им. В. Д. Кузнецова (СФТИ)  |2 stltpush  |3 (RuTPU)RU\TPU\col\861 
801 1 |a RU  |b 63413507  |c 20050831  |g PSBO 
801 2 |a RU  |b 63413507  |c 20080808  |g PSBO 
942 |c BK